Kadra Szkocji Na Euro 2020 - Statystyki

Ogólne statystyki
  • Ten quiz został rozwiązany 20 razy
  • Średni wynik to 9 z 26
Statystyki odpowiedzi
Hint Odpowiedź % Poprawnych
Obrońca Robertson
89%
Pomocnik McTominay
83%
Bramkarz Marshall
78%
Obrońca Tierney
61%
Pomocnik Armstrong
56%
Napastnik Adams
50%
Pomocnik Forrest
44%
Pomocnik Fraser
44%
Pomocnik McGregor
44%
Pomocnik Christie
39%
Pomocnik Gilmour
39%
Pomocnik McGinn
39%
Napastnik Dykes
28%
Obrońca McKenna
28%
Bramkarz Gordon
22%
Obrońca Hanley
22%
Obrońca O Donnell
17%
Obrońca Patterson
17%
Obrońca Taylor
17%
Obrońca Hendry
11%
Pomocnik Fleck
6%
Obrońca Gallagher
6%
Bramkarz McLaughlin
6%
Napastnik Nisbet
6%
Pomocnik Turnbull
6%
Obrońca Cooper
0%
Nie znaleziono quizów pasujących do podanych kryteriów
Rozkład punktacji
Procent ludzi z każdym wynikiem
Percentyl według liczby udzielonych odpowiedzi
Twoja historia wyników
Nie rozwiązałeś tego quizu